000 01178nam0a22002891 4500
001 v19\rc\1221894
005 20260406085827.0
035 _a(NLR Aleph) 004450785
090 _a4472149
_c4472149
100 _a20060306e18761876|||y0rusy50 ca
101 0 _arus
102 _aRU
105 _ay z |||||
200 1 _aСело Беловолжское
_fВ-ий
210 _aКазань
_cГуб. тип.
_d1876
215 _a4 с.
_d16
300 _aКрипт. раскрыт по изд.: Корбут, М.К. В.К. Магницкий и его труды. Чебоксары, 1929, с. 53
309 _aБез тит. л. и обл.
311 _aОтт. из Казан. губ. ведомостей, 1876, № 97
488 0 _12001#$aКазанские губернские ведомости$v1876, № 97
_tКазанские губернские ведомости
700 1 _7ca
_8rus
_aМагницкий
_bВ. К.
_f1839-1901
_gВасилий Константинович
_3RU\NLR\AUTH\770280414
_92652381
790 0 _aВ-ий
_f1839-1901
801 0 _aRU
_bNLR
_gpsbo
801 1 _aRU
_bProSoft-M
_2rusmarc
852 _aNLR
_j18.99.7.211
942 _cBOOK
980 _aNB